| 000 | 00460nam a2200181Ia 4500 | ||
|---|---|---|---|
| 001 | 24745 | ||
| 005 | 20260414151104.0 | ||
| 008 | 260414t2008||||xx |||||||||||||| ||spa|| | ||
| 041 | _aESP | ||
| 082 |
_a345.73 _bR24 |
||
| 100 |
_aRamos Núñez, Carlos Augusto _eAUT |
||
| 245 | 0 |
_aHistoria de la corte suprema de justicia del Perú _b |
|
| 260 | _c2008 | ||
| 300 |
_a544 páginas : _c25 cm. |
||
| 650 | _aDER | ||
| 654 | _aCDE | ||
| 942 |
_cLIB _dJUS _fJUS _2ddc _n |
||
| 999 |
_c24745 _d24745 |
||